• 首页
  • 本馆介绍
  • 公告通知
  • 最新文献
  • 馆藏检索
  • 电子资源
  • 读者导购
  • 参考咨询
  • 我的图书馆
  • 登录
  • 详细信息显示
  • 放入我的书架
  • 预约/预借图书
  • 作者相关作品
  • 分类相关作品
  • 丛书相关作品
  • 出版社相关作品

书目信息

  • 表格格式
  • 工作单格式
  • 卡片格式
题名:
家畜疫病防治技术手册
    
 
作者: 李复中 编著
分册:  
出版信息: 武汉   湖北科学技术出版社  2001.03
页数: 285页
开本: 19cm
丛书名:
单 册:
中图分类: S858.2-62
科图分类:
主题词: 家畜流行病--防疫--手册
电子资源:
ISBN: 7-5352-2566-7
000 00671nam0 2200217 45
001 012004010996
005 20040716092548.0
010    @a7-5352-2566-7@dCNY8.80
100    @a20041025d2001 ekmy0chiy50 ea
101 0  @achi
102    @aCN@b420000
105    @ay z 000yy
200 1  @a家畜疫病防治技术手册@Ajia chu yi bing fang zhi ji shu shou ce@f李复中,丁山河编著@Fli fu zhong,ding shan he bian zhu
210    @a武汉@c湖北科学技术出版社@d2001.03
215    @a285页@d19cm
606 0  @a家畜流行病@x防疫@j手册
690    @aS858.2-62@v4
701  0 @a李复中@Ali fu zhong@4编著
801  0 @aCN@bBZT@c20041025
905    @aBZT@dS858.2-62@e1@f10
906    @dCNY8.80@n0@r1
    
    家畜疫病防治技术手册/李复中,丁山河编著.-武汉:湖北科学技术出版社,2001.03
    285页;19cm
    
    
    ISBN 7-5352-2566-7:CNY8.80
    
●
相关链接 在五车中查询图书 在当当中查询图书 在豆瓣中查询图书


正题名:家畜疫病防治技术手册     索取号:S858.2-62/1         预约/预借

序号 登录号 条形码 馆藏地/架位号 状态 备注
1 0371241   230077618   中心书库中库/ 中库031架A面3列4层42/ [索取号:S858.2-62/1] 在馆    
2 0371242   230077615   中心书库中库/ 中库031架A面1列5层24/ [索取号:S858.2-62/1] 在馆    
3 0371243   230077621   中心书库中库/ 中库031架A面3列4层36/ [索取号:S858.2-62/1] 在馆    
4 0371244   230077620   中心书库中库/ 中库031架A面3列4层37/ [索取号:S858.2-62/1] 在馆    
5 0371245   230077617   中心书库中库/ 中库031架A面3列4层43/ [索取号:S858.2-62/1] 在馆    
6 0371246   230077616   中心书库中库/ 中库031架A面3列4层34/ [索取号:S858.2-62/1] 在馆    
7 0371247   230077622   中心书库中库/ 中库031架A面4列5层28/ [索取号:S858.2-62/1] 在馆    
8 0371248   230077619   中心书库中库/ 中库031架A面3列3层30/ [索取号:S858.2-62/1] 在馆    
9 0371249   230077623   中心书库中库/ 中库031架A面3列4层35/ [索取号:S858.2-62/1] 在馆    
10 2001741365   2001741365   样本书库/样004架A面5层2列/ [索取号:S858.2-62/1] 在馆    
山东省滨州职业学院图书馆 欢迎您!
大连网信软件有限公司© 版权所有